| 000 | 00798nam a22002177a 4500 | ||
|---|---|---|---|
| 999 |
_c8411 _d8411 |
||
| 003 | GBCCL | ||
| 005 | 20241126110650.0 | ||
| 008 | 210211b ||||| |||| 00| 0 eng d | ||
| 020 | _a9789381758007 | ||
| 020 | _a938175800X | ||
| 040 | _cGBC | ||
| 082 |
_a286.1541 _bDOW |
||
| 100 |
_aDowns, Frederick S. _911875 |
||
| 245 |
_aThe mighty works of God : a brief history of the Council of Baptist Churches in North East India : _bthe mission period 1836-1950 |
||
| 260 |
_aGuwahati, Assam, India : _bChristian Literature Centre, _c2014. |
||
| 300 |
_a242 pages ; _b22 cm |
||
| 650 |
_aCouncil of Baptist Churches in North East India _vHistory. _914717 |
||
| 650 |
_aBaptists _vMissions _zIndia, Northeastern. _914718 |
||
| 650 |
_vChurch history. _zIndia, Northeastern _914719 |
||
| 942 |
_2ddc _cBK |
||